000 00719nam a2200253 a 4500
001 52622
003 BD-RjUL
005 20211209075833.0
008 190924s19621960njua b 000 0 eng
035 _a(BD-RjUL)52742
040 _aDLC/ICU
_cICU
_dDLC
_dBD-RjUL
_beng
041 _aeng
082 0 0 _223
_a537.5
_bVUE 1962
100 1 _aVuylsteke, Arthur A.
_9157375
245 1 0 _aElements of maser theory /
_cArthur A. Vuylsteke.
250 _a1st ed.
260 _aPrinceton, N.J.,
_bVan Nostrand,
_c1960
_c[Reprint1962]
300 _a362 p.
_bill. ;
_c24 cm.
504 _aIncludes bibliography.
650 0 _aQuantum electronics.
_9157376
650 0 _aMasers.
_9157245
942 _2ddc
_cBK
999 _c52622
_d52622